000 00478nam a2200181Ia 4500
005 20250326123753.0
008 250326s9999 xx 000 0 und d
037 _aTextbook
040 _aFMSL
_beng
_cFMSL
041 _aeng
_2eng
084 _aS K2
_qFMSL
100 _aBurtt H E
_9736061
245 0 _aApplied phychology
_cBurtt H E
260 _aNew Jersey
_bNew Jersey, Prentice-Hall
_c1962
300 _a592p
942 _cTB
_hS K2
999 _c1270889
_d1270889